Phương pháp số trong cơ học kết cấu

Wedi'i Gadw mewn:
Manylion Llyfryddiaeth
Prif Awdur: Nguyễn Mạnh Yên
Fformat: Llyfr
Iaith:Vietnamese
Cyhoeddwyd: Khoa học Kỹ Thuật 2000
Pynciau:
Tagiau: Ychwanegu Tag
Dim Tagiau, Byddwch y cyntaf i dagio'r cofnod hwn!
Thư viện lưu trữ: Mạng thư viện Đại học Đà Nẵng
LEADER 00981nam a2200313 a 4500
001 000002517
003 03154
005 20171229145311.0
008 171229s2000 vie
040 |a LSK 
041 0 |a VIE 
082 0 |a 530.159  |b NG-Y 
100 1 |a Nguyễn Mạnh Yên 
245 0 0 |a Phương pháp số trong cơ học kết cấu 
260 |b Khoa học Kỹ Thuật  |c 2000 
300 |a 159 pages  |c 27 cm. 
653 |a Cơ học kết cấu 
852 |a Phòng Đọc 
901 |a 2 
927 |a Sách tham khảo 
OWN |a LSK 
AVA |a UDN50  |b LSK  |d 530.159 NG-Y  |e available  |t Error 5001 Not defined in file expand_doc_bib_avail.  |f 2  |g 0  |h N  |i 0  |k 1 
999 |a From the UDN01 
AVA |a UDN50  |b LSK  |d 530.159 NG-Y  |e available  |t Error 5001 Not defined in file expand_doc_bib_avail.  |f 2  |g 0  |h N  |i 0  |k 1 
TYP |a Monograph 
TYP |a Printed language 
980 |a Mạng thư viện Đại học Đà Nẵng